000 00687nam a2200253Ia 4500
003 OSt
005 20221005122451.0
006 a|||||r|||| 00| 0
007 ta
008 221004b |||||||| |||| 00| 0 urd d
024 _a53940
037 _cTextual
040 _aCRL
_cCRL
_burd
041 _2urd
_aurd
082 _aO168,3N12x, 32J5
100 _aKishanchand Au.
_9632039
245 0 _aJwalayum poovum
260 _c1955
650 _a URDU LITERATURE
650 _aURDU FICTION
_93298
700 _a Sukumaran Tatapuram Tr.
_9594688
942 _hO168,3N12x, 32J5
_cTEXL
_2cc
999 _c1044387
_d1044387